| 000 | 00759nam a2200133Ia 4500 | ||
|---|---|---|---|
| 008 | 171212s9999 xx 000 0 und d | ||
| 020 | _a9780833041814 | ||
| 100 | _aDobbins, James;Poole, Michele A.;Long, Austin;Runkle, Benjamin | ||
| 245 |
_cDobbins, James;Poole, Michele A.;Long, Austin;Runkle, Benjamin _aAfter the War _bNation-Building from FDR to George W. Bush |
||
| 260 |
_bRAND Corporation _c2008 |
||
| 650 | _aPolitical Science | ||
| 650 | _aUnited States -- Foreign relations -- 1945–1989 -- Case studies; United States -- Foreign relations -- 1989– -- Case studies; United States -- Military policy -- Case studies; Nation-building -- Case studies; Intervention (International law) -- Case studi | ||
| 856 | _uwww.jstor.org/stable/10.7249/mg716cc | ||
| 999 |
_c351689 _d351689 |
||